| 000 | 00673nam a2200241 a 4500 | ||
|---|---|---|---|
| 001 | 21390 | ||
| 003 | VRT | ||
| 005 | 20260228132625.0 | ||
| 008 | 110323s1953 xo g 000 1 slo d | ||
| 035 | _aa000440962 | ||
| 039 | 9 |
_a201109121324 _bgluc |
|
| 040 |
_aUKB _bslo _cUKB _eAACR2 |
||
| 041 | 0 | _aslo | |
| 044 |
_axo _cSK |
||
| 100 | 1 |
_aZáborský, Jonáš, _d1812-1876 |
|
| 245 | 1 | 0 |
_aVýber z diela v 4 sväzkoch _bVýber z diela _nII _cJonáš Záborský |
| 250 | _a1. vyd. | ||
| 260 |
_aBratislava _bSlovenské vydavateľstvo krásnej literatúry _c1953 |
||
| 300 | _a351 s. | ||
| 910 | _aukb | ||
| 942 |
_2ddc _cKLDO _n0 |
||
| 949 |
_61800496302 _aS.D.03744 _bPV.2293-53 |
||
| 999 |
_c21390 _d21390 |
||